Akustika a architektuře

Saved in:
Bibliographic Details
Main Author: Kaňka, Jan (Author)
Format: Book
Language:Czech
Published: Praha : České vysoké učení technické v Praze, 1996
Edition:1. vyd.
Subjects:
Tags: Add Tag
No Tags, Be the first to tag this record!

MARC

LEADER 00000nam a22000003a 4500
001 stu53810
005 20150617225704.9
008 000601s1996----xr------------------cze-d
020 |a 80-01-01188-7 
040 |a STU  |b slo 
041 0 |a cze 
044 |a xr 
100 1 |a Kaňka, Jan  |4 aut 
245 1 |a Akustika a architektuře 
250 |a 1. vyd. 
260 |a Praha :  |b České vysoké učení technické v Praze,  |c 1996 
300 |a 64 s 
650 7 |a akustika  |2 stusub 
650 7 |a architektúra  |2 stusub 
996 |b 284J002435  |c J*2538-2  |l JJSK  |s A  |a 24  |w stu53810_0001 
996 |b 284J029011  |c J*2538-1  |l JJSK  |s A  |a 24  |w stu53810_0002